Statistics for Counties of North Korea on a Map

Click here to take the quiz!

General Stats

  • This quiz has been taken 32 times
  • The average score is 42 of 173

Answers on the Map

Answers color-coded by a green-red scale on the quiz's map according to % correct below.
 

Answer Stats

ProvinceCounty% Correct
PyongyangPyongyang
100%
South HamgyongHamhung
65%
North HamgyongChongjin
55%
South P'yonganNampo Special City
45%
KangwonWonsan
45%
South P'yonganAnju
40%
South HwanghaeHaeju
40%
RyanggangHyesan
40%
Kaesong Industrial RegionKaesong Industrial Region
40%
North HwanghaeKaesong Special City
40%
ChagangKanggye
40%
North HwanghaeHwangju
35%
ChagangManp'o
35%
RasonRajin
35%
North P'yonganSinuiju
35%
RasonSonbong
35%
ChagangChasong
30%
KangwonCh'orwon
30%
ChagangHuich'on
30%
North HamgyongKimch'aek
30%
KangwonMunch'on
30%
South P'yonganP'yongsong
30%
ChagangRangrim
30%
RyanggangSamjiyon
30%
North HwanghaeSariwon
30%
North P'yonganSindo
30%
ChagangSonggan
30%
North HwanghaeSongrim
30%
North P'yonganUiju
30%
ChagangUsi
30%
KangwonCh'angdo
25%
ChagangChanggang
25%
South HamgyongChangjin
25%
South HwanghaeChangyon
25%
North P'yonganCh'olsan
25%
ChagangChonch'on
25%
North P'yonganChongju
25%
ChagangCh'osan
25%
ChagangChunggang
25%
North HwanghaeChunghwa
25%
South HamgyongHamju
25%
North HamgyongHoeryong
25%
ChagangHwap'yong
25%
North P'yonganHyangsan
25%
South P'yonganKaech'on
25%
RyanggangKimhyonggwon
25%
RyanggangKimjongsuk
25%
ChagangKop'ung
25%
KangwonKosong
25%
KangwonKumgang
25%
North P'yonganKusong
25%
South HwanghaeKwail
25%
South P'yonganMundok
25%
South HwanghaeOngjin
25%
North HamgyongOnsong
25%
North HwanghaePongsan
25%
ChagangRyongrim
25%
South HwanghaeRyongyon
25%
North HwanghaeSangwon
25%
ChagangSijung
25%
South HamgyongSinpo
25%
ChagangSongwon
25%
North HwanghaeSuan
25%
South P'yonganSunch'on
25%
South P'yonganTaedong
25%
RyanggangTaehongdan
25%
South HamgyongTanch'on
25%
South P'yonganTokch'on
25%
KangwonT'ongch'on
25%
North P'yonganTongrim
25%
ChagangTongsin
25%
North HwanghaeT'osan
25%
ChagangWiwon
25%
South P'yonganYangdok
25%
South HamgyongYodok
25%
South HwanghaeYonan
25%
South HwanghaeAnak
20%
KangwonAnbyon
20%
South HwanghaeChaeryong
20%
North HwanghaeChangp'ung
20%
North P'yonganCh'angsong
20%
South HwanghaeCh'ongdan
20%
South P'yonganCh'ongnam
20%
South HamgyongChongp'yong
20%
North P'yonganCh'onma
20%
KangwonCh'onnae
20%
South P'yonganChungsan
20%
South HamgyongHoch'on
20%
South P'yonganHoech'ang
20%
KangwonHoeyang
20%
South HamgyongHongwon
20%
North HamgyongHwadae
20%
KangwonIch'on
20%
South HwanghaeKangryong
20%
RyanggangKapsan
20%
North HamgyongKilju
20%
KangwonKimhwa
20%
RyanggangKimhyongjik
20%
North HwanghaeKoksan
20%
KangwonKosan
20%
South HamgyongKowon
20%
North P'yonganKujang
20%
North HwanghaeKumch'on
20%
South HamgyongKumho
20%
South HamgyongKumya
20%
North P'yonganKwaksan
20%
North HamgyongKyonghung
20%
North HamgyongKyongsong
20%
North HamgyongKyongwon
20%
South P'yonganMaengsan
20%
North HamgyongMusan
20%
North HamgyongMyongch'on
20%
North HamgyongMyonggan
20%
North P'yonganNyongbyon
20%
South P'yonganNyongwon
20%
North HamgyongOrang
20%
South HwanghaePaech'on
20%
RyanggangPaegam
20%
North P'yonganPakch'on
20%
KangwonP'an'gyo
20%
North P'yonganP'ihyon
20%
RyanggangPoch'on
20%
South HwanghaePongch'on
20%
KangwonPoptong
20%
South HamgyongPujon
20%
South P'yonganPukch'ang
20%
South HamgyongPukch'ong
20%
RyanggangP'ungso
20%
North HamgyongPuryong
20%
South HwanghaePyoksong
20%
North P'yonganPyoktong
20%
KangwonP'yonggang
20%
North HwanghaeP'yongsan
20%
South P'yonganP'yongwon
20%
South HamgyongRakwon
20%
North HwanghaeRinsan
20%
South HamgyongRiwon
20%
North P'yonganRyongch'on
20%
North P'yonganSakju
20%
South HwanghaeSamch'on
20%
RyanggangSamsu
20%
KangwonSep'o
20%
South HwanghaeSinch'on
20%
North HwanghaeSingye
20%
South HamgyongSinhung
20%
North HwanghaeSinp'yong
20%
South HwanghaeSinwon
20%
South P'yonganSinyang
20%
North HwanghaeSohung
20%
North P'yonganSonch'on
20%
South P'yonganSongch'on
20%
South HwanghaeSonghwa
20%
South HamgyongSudong
20%
South P'yonganSukch'on
20%
North P'yonganTaech'on
20%
North P'yonganTaegwan
20%
South P'yonganTaehung
20%
South HwanghaeT'aet'an
20%
South HamgyongToksong
20%
North P'yonganTongch'ang
20%
South P'yonganTukchang
20%
South HwanghaeUnch'on
20%
RyanggangUnhung
20%
North P'yonganUnjon
20%
North HwanghaeUnp'a
20%
South HwanghaeUnryul
20%
North P'yongan | South P'yonganUnsan
20%
North P'yonganYomju
20%
South HamgyongYonggwang
20%
North HamgyongYonsa
20%
North HwanghaeYonsan
20%
North HwanghaeYont'an
20%

Score Distribution

Percentile by Number Answered

Percent of People with Each Score

Your Score History

You have not taken this quiz